000 00597nam a2200229Ia 4500
003 OSt
005 20220916111024.0
006 a|||||r|||| 00| 0
007 ta
008 220915b |||||||| |||| 00| 0 eng d
024 _a121377
037 _cTextbook
040 _beng
_aARTS
_cARTS
041 _aeng
082 _aV5961:17h:M94, 122G0 (906)
100 _aVan Isecham A
245 0 _aLa societe Belege d'etudes coloniales
260 _c1930
650 _aHISTORY
942 _hV5961:17h:M94, 122G0 (906)
_cTB
_2CC
999 _c103600
_d103600